000 00813cab a2200229 4500
001 WB3215-96
008 090401t1996 xxu||||| |||| 00| 0 eng d
035 _a(Sirsi) u70153
041 _aeng
245 _aPossession of hotel
260 _c1996
350 _a0
490 _aEstates Gazette Case Summaries
_v[1996] EGCS 61(1) (6/4/96)
520 _a"Midland Bank plc v McGrath" CA 26 March 1996. Mortgagor defaulted over loan repayment. Mortgagor brought cross-claim against mortgagee, who were claiming possession. Claim to possession could not be defeated by any cross-claim. Mortgagor`s leave to appeal refused.
650 _aCORRUPTION
650 _aCROSS-CLAIM
650 _aDEBTS
650 _aPOSSESSION
690 _aPROPERTY LAW AND PRACTICE-CASE LAW
942 _n0
948 _c04/03/1997
999 _c44133
_d44133